| 000 | 00558nam a2200229Ia 4500 | ||
|---|---|---|---|
| 008 | 160620s9999||||xx |||||||||||||| ||und|| | ||
| 040 | _cEnglish | ||
| 082 | _aX.A/Guenther | ||
| 082 | _bBORI-37169 | ||
| 245 | _aBuddhist Philosophy in Theorye | ||
| 260 | _bPenguine Books | ||
| 300 | _a240 | ||
| 300 | _cE | ||
| 300 | _ePaperback | ||
| 530 | _u00037169.pdf | ||
| 563 | _aStudy | ||
| 630 | _aBuddhist Philosophy in Theorye | ||
| 650 | _aBuddhism | ||
| 650 | _aBuddhism&Jainism | ||
| 730 | _aBuddhist Philosophy in Theorye | ||
| 942 | _cBOOK | ||
| 999 |
_c1389320 _d1389317 |
||